000 00329nam a2200133 a 4500
008 000221s1973||||xx 0 und c
040 _aSNK
_bslo
_cSNK
_eAACR2
100 1 _aKoyš, Pavel
245 1 0 _aPieseň o Slovensku
260 _aBratislava
_bSlovenský Spisovateľ
_c1973
020 _c95
044 _axo
_cSK
041 _aslo
999 _c14962
_d14962